000 00490nam a2200145 a 4500
008 120416s1985 ||||||||||||||||| || u
020 _a070211295X
050 _aQA 37.2 Und
100 _aUnderhill, L. G
245 1 0 _aCommath
260 _aCape Town
_bJuta and Company Limited
_c1985
300 _a308p. : ill.
350 _a0.00
995 _D0.00
_FCBU-MAIN LIBRARY (Kitwe)
_H1
_I17.99
_M1
_UAVAILABLE
_ZMain Library Open Access Collection
999 _c37778
_d37778